| 000 | 00479nam a2200169Ia 4500 | ||
|---|---|---|---|
| 999 |
_c7035 _d7035 |
||
| 003 | OSt | ||
| 005 | 20200129122107.0 | ||
| 008 | 190216s9999||||xx |||||||||||||| ||und|| | ||
| 020 | _a0333935039 | ||
| 040 | _coclc | ||
| 082 |
_a658.403 _bSHA/Q |
||
| 100 |
_a Sharma, Jitendra Kumar _9125 |
||
| 245 | 0 |
_aQuantitative Techniques / _cJ K Sharma |
|
| 260 |
_bMacmillan, _aNew Delhi: _c2001. |
||
| 300 | _a908p | ||
| 942 |
_cBK _2ddc _h658.403 _iSHA/Q _k658.403 _mSHA/Q |
||